000 00414nam a2200169Ia 4500
008 140316s9999 xx 000 0 und d
020 _a0813804302
082 _a636.0896
_bHOF/DI
100 _a
245 _aDiseases of poultry
260 _a
_bLowa state university press
_c1972
300 _a
650 _aPoultry farming
650 _aPoultry farming
700 _aHofstead,M S et al.
942 _2ddc
_cBK
999 _c13978
_d13978